Hospodárska politika
Guardado en:
| Autor principal: | |
|---|---|
| Otros Autores: | , , , , , , |
| Formato: | Libro |
| Lenguaje: | eslovaco |
| Publicado: |
Trnava
KON-PRESS
1997
|
| Materias: | |
| Etiquetas: |
Sin Etiquetas, Sea el primero en etiquetar este registro!
|
MARC
| LEADER | 00000nam a2200000 4500 | ||
|---|---|---|---|
| 001 | c021521 | ||
| 005 | 20221207104002.8 | ||
| 020 | |a 80-85413-30-2 | ||
| 041 | 0 | |a slo | |
| 044 | |a SK | ||
| 245 | 1 | 0 | |a Hospodárska politika |c kolektív ; vedúci autorského kolektívu Pavol Vincúr |
| 264 | 1 | |a Trnava |b KON-PRESS |c 1997 | |
| 300 | |a 358 s. | ||
| 610 | 2 | 0 | |a politika hospodárska |
| 610 | 2 | 0 | |a Európska únia |
| 610 | 2 | 0 | |a hospodárstvo národné |
| 610 | 2 | 0 | |a politika zahraničnoobchodná |
| 610 | 2 | 0 | |a politika menová |
| 610 | 2 | 0 | |a politika dôchodková |
| 610 | 2 | 0 | |a rozpočty |
| 610 | 2 | 0 | |a príjmy |
| 610 | 2 | 0 | |a nezamestnanosť |
| 610 | 2 | 0 | |a ekológia |
| 610 | 2 | 0 | |a vývoz |
| 100 | 1 | |a Vincúr, Pavol | |
| 700 | 1 | |a Bacová, Viera | |
| 700 | 1 | |a Kosorín, František | |
| 700 | 1 | |a Janok, Michal | |
| 700 | 1 | |a Choluj, Vladimír | |
| 700 | 1 | |a Baránik, Michal | |
| 700 | 1 | |a Lukáčik, Ján | |
| 700 | 1 | |a Blašková, Mária | |